| 000 | 00000nam##2200000za#4500 |
| 001 | 9.594934 |
| 003 | CaOODSP |
| 005 | 20221005084834 |
| 007 | cr ||||||||||| |
| 008 | 150406|2007||||xxc|||||o f|0| 0 fre|d |
| 020 | |a978-0-662-09777-8 |
| 022 | |a1925-0665 |
| 040 | |aCaOODSP|bfre |
| 043 | |an-cn--- |
| 086 | 1 |aH113-5/2007-9F-PDF |
| 110 | 1 |aCanada.|bSanté Canada. |bAgence de réglementation de la lutte antiparasitaire. |
| 245 | 10|aRéponse de l'Agence de réglementation de la lutte antiparasitaire (ARLA) à la demande d'examens spéciaux de pesticides faite par la fondation David Suzuki |h[ressource électronique] |
| 260 | |aOttawa - Ontario : |bSanté Canada. |cLe 19 juillet 2007. |
| 300 | |a63p.|bréférences, tableaux |
| 490 | 1 |aNote de réévaluation |x1925-0665|vREV2007-09 |
| 590 | |a11-09-Supp|b2011-06-30 |
| 775 | 08|tResponse from the Pest Management Regulatory Agency (PMRA) to the request for special reviews of pesticides from the David Suzuki Foundation |w(CaOODSP)9.562535 |
| 830 | #0|aNote de réévaluation (Canada. Agence de réglementation de la lutte antiparasitaire)|x1925-0665|vREV2007-09|w(CaOODSP)9.500878 |
| 856 | 40|ahttp://publications.gc.ca|qPDF|s261 Ko|uhttps://publications.gc.ca/collections/collection_2011/sc-hc/H113-5-2007-9-fra.pdf|yREV2007-09 |